Barron's GMAT: Graduate management admission test (Record no. 1287138)

MARC details
000 -LEADER
fixed length control field 00580nam a2200205Ia 4500
005 - DATE AND TIME OF LATEST TRANSACTION
control field 20250326140742.0
008 - FIXED-LENGTH DATA ELEMENTS--GENERAL INFORMATION
fixed length control field 250326s9999 xx 000 0 und d
037 ## - SOURCE OF ACQUISITION
Stock number Textbook
040 ## - CATALOGING SOURCE
Original cataloging agency FMSL
Language of cataloging eng
Transcribing agency FMSL
041 ## - LANGUAGE CODE
Language code of text/sound track or separate title eng
Source of code eng
084 ## - COLON CLASSIFICATION NUMBER
Classification number T:5oa1x P7;2
Assigning agency FMSL
100 ## - MAIN ENTRY--PERSONAL NAME
Personal name Jaffe E D
9 (RLIN) 739303
245 #0 - TITLE STATEMENT
Title Barron's GMAT: Graduate management admission test
Statement of responsibility, etc. Jaffe E D; Hilbert S
250 ## - EDITION STATEMENT
Edition statement 15
260 ## - PUBLICATION, DISTRIBUTION, ETC.
Place of publication, distribution, etc. New Delhi
Name of publisher, distributor, etc. New Delhi, Galgotia
Date of publication, distribution, etc. 2009
365 ## - TRADE PRICE
Price amount 800
650 ## - SUBJECT ADDED ENTRY--TOPICAL TERM
Topical term or geographic name entry element Management
942 ## - ADDED ENTRY ELEMENTS (KOHA)
Koha item type Textbook
Classification part T:5oa1x P7;2
Holdings
Withdrawn status Lost status Damaged status Not for loan Home library Current library Date acquired Source of acquisition Cost, normal purchase price Total Checkouts Full call number Barcode Date last seen Price effective from Koha item type
        Faculty of Management Library Faculty of Management Library 2025-03-26 University Book House 800.00   T:5oa1x P7;2 ML1490878 2025-03-26 2025-03-26 Textbook
Copyright @ Delhi University Library System